Statistics for DC Comics A-Z

Click here to take the quiz!

General Stats

  • This quiz has been taken 1,327 times
  • The average score is 15 of 26

Answer Stats

Secret Identity or Team MembersHero-Villian or Team Name% Correct
Bruce WayneBatman
100%
Selina KyleCatwoman
97%
Bartholomew "Barry" AllenThe Flash
94%
Hal JordanGreen Lantern
91%
Arthur CurryAquaman
89%
Clark Joseph KentSuperman
87%
Princess DianaWonder Woman
86%
Tim DrakeRobin
85%
Richard "Dick" GraysonNightwing
82%
Raven, Cyborg, Starfire, Robin, Superboy, Kid Flash, Beast Boy, and Wonder GirlTeen Titans
81%
Oswald Chesterfield CobblepotPenguin
74%
Jonn JonzzMartian Manhunter
73%
Alexander Joseph LuthorLex Luthor
70%
Barbra GordonOracle
67%
Carter HallHawkman
58%
Unknown(Let's just call him Red Hood.)Joker
54%
Superboy, Secret, Robin, Wonder Girl, Empress, and ImpulseYoung Justice
53%
Hunter ZolomonZoom
43%
Kent NelsonDoctor Fate
39%
Waylon JonesKiller Croc
39%
Charles Victor SzaszThe Question
21%
Destiny, Death, Dream, Desire, Despair, Destruction, and DeliriumThe Endless
13%
Arnold WeskerVentriloquist and Scarface
13%
Joker, Ocean Master, Cires, Lex Luthor, Mirror Master, Dr. Light, and JemmInjustice Gang
8%
Tasmia MallorUmbra
3%
Coltarine "Trane" WalkerXer0
2%

Score Distribution

Percentile by Number Answered

Percent of People with Each Score

Your Score History

You have not taken this quiz